000 00355nam a2200169Ia 4500
005 20251020182546.0
008 200515s9999 xx 000 0 und d
082 _a747:73/M81
100 _aMOSTAEDI, Arian
245 0 _aDesign Hotels
260 _aBarcelona
260 _cs.a.
300 _a239
650 _aHOTELES
650 _aLIB
942 _cLIB
999 _c2577
_d2577